Základné vývojové tendencie ekonomiky SR do roku 2013 diplomová práca

Enregistré dans:
Détails bibliographiques
Auteur principal: Fülöp, Peter
Collectivité auteur: Národohospodárska fakulta EU. Katedra hospodárskej politiky
Autres auteurs: Vincúr, Pavol
Format: Livre
Langue:slovaque
Publié: Bratislava 2008
Tags: Ajouter un tag
Pas de tags, Soyez le premier à ajouter un tag!

MARC

LEADER 00000nam$a2200000$$$4500
001 0077613
005 20240201120850.0
041 0 |a slo 
044 |a SK 
245 1 0 |a Základné vývojové tendencie ekonomiky SR do roku 2013  |b diplomová práca  |c Peter Fülöp ; škol. Pavol Vincúr 
264 1 |a Bratislava  |c 2008 
300 |a 70 s. 
100 1 |a Fülöp, Peter 
700 1 |a Vincúr, Pavol 
710 2 |a Národohospodárska fakulta EU. Katedra hospodárskej politiky